000 00697nam a2200205Ia 4500
005 20260121110146.0
008 008 260114s9999 xx 000 0 hin d
020 _a9788132365020
037 _aEBOOK
040 _aCRL
_bhin
_cCRL
041 _ahin
_2hin
084 _qCRL
100 _aपवित्रा पूनिया / Pavitra Poonia
_9942769
245 0 _aहिन्दी गद्य साहित्य का इतिहास / Hindi Gady Sahitya ka Itihas
260 _bभाषा प्रकाशन / Bhasha Prakashan
_c2021
856 _uhttps://bhashaprakashan.com/product-details/379153
942 _cEBOOK
999 _c1534434
_d1534434